000 00418nam a2200181Ia 4500
001 10791
005 20260306161858.0
008 260306t1976||||xx |||||||||||||| ||spa||
041 _aESP
082 _a954
_bP81
100 _aPouchepadass, Jacques
_eAUT
245 0 _aLa india del siglo XX
260 _c1976
300 _a246 páginas :
_c17 cm.
650 _aGEN
654 _aCHU
942 _cLIB
_dJUS
_fJUS
_2ddc
_n
999 _c10791
_d10791